National Assembly Library of Thailand

ประติมากรรมเยาวชนเฉลิมพระเกียรติ 50 พรรษา มหาวชิราลงกรณ (ระเบียนเลขที่ 12070)

รายละเอียดในรูปแบบ MARC
000 -LEADER
fixed length control field 00887nam a22001817a 4500
005 - DATE AND TIME OF LATEST TRANSACTION
control field 20210325181520.0
008 - FIXED-LENGTH DATA ELEMENTS--GENERAL INFORMATION
fixed length control field s2545 th tha d
041 ## - LANGUAGE CODE
Language code of text/sound track or separate title tha
050 ## - LIBRARY OF CONGRESS CALL NUMBER
Classification number NB1021 ค123ป 2545
245 10 - TITLE STATEMENT
Title ประติมากรรมเยาวชนเฉลิมพระเกียรติ 50 พรรษา มหาวชิราลงกรณ
260 3# - PUBLICATION, DISTRIBUTION, ETC.
Place of publication, distribution, etc. กรุงเทพฯ :
Name of publisher, distributor, etc. สำนักงานคณะกรรมการส่งเสริมและประสานงานเยาวชนแห่งชาติ,
Date of publication, distribution, etc. 2545
300 ## - PHYSICAL DESCRIPTION
Extent 136 หน้า :
Other physical details ภาพประกอบ ;
Dimensions 30 ซม.
650 04 - SUBJECT ADDED ENTRY--TOPICAL TERM
Topical term or geographic name entry element ประติมากรรม -- ไทย
850 ## - HOLDING INSTITUTION
Holding institution NALT
942 ## - ADDED ENTRY ELEMENTS (KOHA)
Koha item type General Book
997 ## -
-- 000000000012070
-- [อาคารรัฐสภา 2]
998 ## - LOCAL CONTROL INFORMATION (RLIN)
-- Mr.mover Books
รายการที่มีในห้องสมุด
Withdrawn status Lost status Damaged status Not for loan Collection code Home library Current library Shelving location Total Checkouts Full call number Barcode Date last seen Price effective from Koha item type Source of classification or shelving scheme Date acquired
      Not for Loan General Book collection National Assembly Library of Thailand National Assembly Library of Thailand Parliament Building 2   NB 1021 ค123ป 2545 3961148600 09/06/2017 09/06/2017 General Book    
        Senate National Assembly Library of Thailand National Assembly Library of Thailand General Book shelves   NB 1021 ค123ป 2545 0100001412001 11/11/2022 12/05/2022 General Book Library of Congress Classification 12/05/2022
หอสมุดรัฐสภา
สำนักงานเลขาธิการสภาผู้แทนราษฎร เลขที่ 1111 ถนนสามเสน แขวงถนนนครไชยศรี เขตดุสิต กรุงเทพฯ 10300
The Secretariat of the House of Representatives 1111 Samsen Road, Thanon Nakhon Chai Si, Dusit, Bangkok 10300, THAILAND
โทรศัพท์: +66(0) 2242 5900 ต่อ 5714-5 โทรสาร: +66(0) 2242 5990 อีเมล: [email protected]